书目信息 |
| 题名: |
隐蔽战
|
|
| 作者: | ;孙逊 译 ;时代生活编辑部 编 | |
| 分册: | ||
| 出版信息: | 海口 海南出版社 2000 |
|
| 页数: | 222页 | |
| 开本: | 21cm | |
| 丛书名: | 时代生活丛书 | |
| 单 册: | ||
| 中图分类: | K516.44 | |
| 科图分类: | ||
| 主题词: | 间谍--情报工作--第二次世界大战--史料 , 东欧--历史 , 中欧--历史 | |
| 电子资源: | ||
| ISBN: | 7-80645-845-X | |
| 000 | 00903nam0 2200301 45 | |
| 001 | 012001026439 | |
| 005 | 20031219104054.3 | |
| 010 | @a7-80645-845-X@dCNY25.00 | |
| 100 | @a20010512d2000 em y0chiy0120 ea | |
| 101 | 1 | @achi@ceng |
| 102 | @aCN@b460000 | |
| 105 | @aac z 000yy | |
| 106 | @ar | |
| 200 | 1 | @a隐蔽战@Ayin bi zhan@f时代生活丛书编辑著@g孙逊译 |
| 210 | @a海口@c海南出版社@d2000 | |
| 215 | @a222页@c图,肖像@d21cm | |
| 225 | 2 | @a时代生活丛书@i第三帝国系列丛书 |
| 410 | 0 | @12001 @a第三帝国系列丛书 |
| 410 | 0 | @12001 @a时代生活丛书 |
| 454 | 1 | @12001 @aThe third reich:The shadow war |
| 606 | 0 | @a间谍--情报工作@x第二次世界大战@x史料 |
| 606 | 0 | @a东欧@x历史 |
| 606 | 0 | @a中欧@x历史 |
| 690 | @aK516.44@v4 | |
| 702 | 0 | @a孙逊@Asun xun@4译 |
| 711 | 02 | @a时代生活编辑部@Ashi dai sheng huo bian ji bu@4编 |
| 801 | @aCN@bTSTC@c20020409 | |
| 905 | @b307925-929@dK516.44@e17:1@f5 | |
| 隐蔽战/时代生活丛书编辑著/孙逊译.-海口:海南出版社,2000 |
| 222页:图,肖像;21cm.-(时代生活丛书.第三帝国系列丛书) |
| 译自: |
| ISBN 7-80645-845-X:CNY25.00 |
| ● |
| 相关链接 |
|
|
|
|
正题名:隐蔽战
索取号:K516.44/17:1
 
预约/预借
| 序号 | 登录号 | 条形码 | 馆藏地/架位号 | 状态 | 备注 |
| 1 | 0307925 | 203079257 | 第二借阅区/ [索取号:K516.44/17:1] | 在馆 | |
| 2 | 0307926 | 203079266 | 第二借阅区/ [索取号:K516.44/17:1] | 在馆 | |
| 3 | 0307927 | 203079275 | 第二借阅区/ [索取号:K516.44/17:1] | 在馆 | |
| 4 | 0307928 | 203079284 | 第二借阅区/ [索取号:K516.44/17:1] | 在馆 | |
| 5 | 0307929 | 203079293 | 第二样本阅览室/ [索取号:K516.44/17:1] | 在馆 |